| 000 | 01004nam a22003138i 4500 | ||
|---|---|---|---|
| 001 | 021641227 | ||
| 003 | EG-ScBUE | ||
| 005 | 20260208094215.0 | ||
| 008 | 250715s2026 enka f b 001 0 eng d | ||
| 020 | _a9781032658018 | ||
| 040 |
_aStDuBDS _beng _erda _cStDuBDS _dEG-ScBUE |
||
| 082 | 0 | 4 |
_a628 _222 _bPER |
| 100 | 1 |
_aPermana, Ariva Sugandi, _eauthor. |
|
| 245 | 1 | 0 |
_aUrban engineering / _cAriva Sugandi Permana. |
| 264 | 1 |
_aLondon : _bRoutledge, _c2026. |
|
| 300 |
_a943 pages : _billustrations (black and white, and colour) ; _c28 cm |
||
| 336 |
_atext _2rdacontent _btxt |
||
| 336 |
_astill image _2rdacontent _btxt |
||
| 337 |
_aunmediated _2rdamedia _bn |
||
| 338 |
_avolume _2rdacarrier _bnc |
||
| 504 | _aIncludes bibliographical references and index. | ||
| 650 | 7 |
_aCity planning. _2BUEsh |
|
| 650 | 7 |
_aCivil engineering. _2BUEsh |
|
| 650 | 7 |
_aMunicipal engineering. _2BUEsh |
|
| 653 |
_cFebruary2026 _bENGARC |
||
| 655 | _vReading book | ||
| 942 |
_2ddc _cBB |
||
| 999 |
_c31079 _d31050 |
||